Oklahoma Counties by Population - Statistics

General Stats
  • This quiz has been taken 117 times
  • The average score is 61 of 77
Answer Stats
Population County % Correct
798,575 Oklahoma
100%
672,858 Tulsa
100%
297,597 Cleveland
95%
161,737 Canadian
91%
122,063 Comanche
86%
72,029 Creek
86%
81,989 Payne
86%
73,019 Pottawatomie
86%
96,695 Rogers
86%
84,050 Wagoner
86%
2,248 Cimarron
82%
61,926 Garfield
82%
55,508 Grady
82%
4,131 Grant
82%
43,732 Kay
82%
50,885 Logan
82%
43,516 McClain
82%
66,146 Muskogee
82%
52,772 Washington
82%
19,414 Adair
77%
5,710 Alfalfa
77%
4,980 Beaver
77%
22,046 Beckham
77%
8,562 Blaine
77%
47,105 Bryan
77%
26,368 Caddo
77%
48,291 Carter
77%
47,627 Cherokee
77%
14,307 Choctaw
77%
5,276 Coal
77%
5,480 Cotton
77%
14,115 Craig
77%
28,163 Custer
77%
41,000 Delaware
77%
4,417 Dewey
77%
3,762 Ellis
77%
25,804 Garvin
77%
5,487 Greer
77%
2,418 Harmon
77%
3,180 Harper
77%
11,602 Haskell
77%
13,405 Hughes
77%
24,777 Jackson
77%
5,438 Jefferson
77%
15,204 Kingfisher
77%
8,410 Kiowa
77%
9,427 Latimer
77%
48,476 Le Flore
77%
33,829 Lincoln
77%
10,216 Love
77%
7,668 Major
77%
15,594 Marshall
77%
39,159 Mayes
77%
30,884 McCurtain
77%
19,245 McIntosh
77%
13,718 Murray
77%
10,933 Noble
77%
11,197 Okfuskee
77%
36,843 Okmulgee
77%
45,772 Osage
77%
30,340 Ottawa
77%
15,741 Pawnee
77%
43,633 Pittsburg
77%
38,163 Pontotoc
77%
10,815 Pushmataha
77%
3,386 Roger Mills
77%
23,567 Seminole
77%
39,508 Sequoyah
77%
43,129 Stephens
77%
20,865 Texas
77%
7,076 Tillman
77%
10,915 Washita
77%
8,583 Woods
77%
20,205 Woodward
77%
14,324 Atoka
73%
10,301 Johnston
73%
9,303 Nowata
73%
No matching quizzes found
Score Distribution
Percent of People with Each Score
Percentile by Number Answered
Your Score History
You have not taken this quiz